| 000 | 00342nam a2200133Ia 4500 | ||
|---|---|---|---|
| 008 | 220204s9999 xx 000 0 und d | ||
| 082 |
_a576.8(035) _bCAM |
||
| 100 | _aCABLE, Raymond M | ||
| 245 | 0 | _aIllustrated laboratory manual of parasitology. | |
| 250 | _aEd.4 | ||
| 260 |
_aBombay _bAllied6C1963 |
||
| 650 | _aParasitology | ||
| 942 | _cBK | ||
| 999 |
_c20928 _d20928 |
||